00330nam a2200133Ia 4500008004100000020001500041041001200056082001600068100001800084245005300102260002500155300000800180650000800188221030s9999 xx 000 0 und d a8120314913 aEnglish a105.23bNag aI. J. Nagrath 0aElectronics - Analog & Digitalcby I. J. Nagrath bPHIaNew Delhic2001 a735 aECE